Statistics for International destinations from Keflavik Airport

Click here to take the quiz!

General Stats

  • This quiz has been taken 59 times
  • The average score is 31 of 36

Answer Stats

CountryDestination name% Correct
BelgiumBrussels
98%
United StatesNew York City
98%
AustriaVienna
98%
NetherlandsAmsterdam
96%
HungaryBudapest
96%
DenmarkCopenhagen
96%
FinlandHelsinki
96%
United KingdomLondon
96%
NorwayOslo
96%
FranceParis
96%
PolandWarsaw
96%
SwitzerlandZurich
96%
GermanyBerlin
94%
IrelandDublin
94%
GermanyFrankfurt
94%
SwitzerlandGeneva
94%
GermanyHamburg
94%
PolandKrakow
94%
ItalyMilan
94%
SwedenStockholm
94%
CanadaToronto
94%
United StatesBoston
92%
GermanyDusseldorf
92%
GermanyMunich
92%
United KingdomGlasgow
90%
Czech RepublicPrague
90%
LatviaRiga
88%
PolandGdansk
75%
PolandWroclaw
75%
PolandKatowice
69%
FranceNantes
60%
GermanyDortmund
56%
DenmarkNuuk / Greenland
56%
United StatesSeattle
50%
DenmarkBillund
46%
DenmarkFaroe Islands / Vagar
23%

Score Distribution

Percentile by Number Answered

Percent of People with Each Score

Your Score History

You have not taken this quiz